000 00640nam a22001817a 4500
005 20100814120343.0
006 a|||||r|||||00| 0
007 ta
008 100814c xxu||||| |||| 00| 0 eng d
022 _a0975-4083
245 _aResearch journal of arts, management and social sciences
260 _aRewa
_bJournal of Centre for Research Studies
_c2010-
300 _av.
_c24 cm
310 _aHalf yearly
270 _a41/42, Raghuwans Sadan, Shanti Kunj, Bichiya
_bRewa (M.P.)
_e486001
_k07662-255177, 9425186437
_mgresearchjournal@rediffmail.com
942 _2ddc
_cSR
_s1
999 _c41843
_d41843